<?xml version="1.0" encoding="UTF-8"?>
<record
    xmlns:xsi="http://www.w3.org/2001/XMLSchema-instance"
    xsi:schemaLocation="http://www.loc.gov/MARC21/slim http://www.loc.gov/standards/marcxml/schema/MARC21slim.xsd"
    xmlns="http://www.loc.gov/MARC21/slim">

  <leader>01755cam a2200277 i 4500</leader>
  <controlfield tag="003">SA-RiAUC</controlfield>
  <controlfield tag="005">20250220080438.0</controlfield>
  <controlfield tag="008">250218s2014    jo     g      00010bara c</controlfield>
  <datafield tag="040" ind1=" " ind2=" ">
    <subfield code="a">SA-MaUQU</subfield>
    <subfield code="b">ara</subfield>
    <subfield code="c">SA-RiAUC</subfield>
    <subfield code="d">AE-DuMBRL</subfield>
    <subfield code="e">rda</subfield>
  </datafield>
  <datafield tag="082" ind1="0" ind2="4">
    <subfield code="a">&#x624;</subfield>
    <subfield code="q">SA-RiAUC</subfield>
  </datafield>
  <datafield tag="090" ind1=" " ind2=" ">
    <subfield code="a">252.5  </subfield>
    <subfield code="b">   &#x639; &#x645; &#x631;</subfield>
  </datafield>
  <datafield tag="100" ind1="1" ind2=" ">
    <subfield code="a">&#x627;&#x644;&#x639;&#x645;&#x631;&#x64A;&#x60C; &#x623;&#x62D;&#x645;&#x62F; &#x62E;&#x64A;&#x631;&#x64A;&#x60C;</subfield>
    <subfield code="d">1970-</subfield>
    <subfield code="e">&#x645;&#x624;&#x644;&#x641;.</subfield>
  </datafield>
  <datafield tag="245" ind1="1" ind2="0">
    <subfield code="a">&#x637;&#x648;&#x641;&#x627;&#x646; &#x645;&#x62D;&#x645;&#x62F; &#x635;&#x644;&#x649; &#x627;&#x644;&#x644;&#x647; &#x639;&#x644;&#x64A;&#x647; &#x648;&#x633;&#x644;&#x645; /</subfield>
    <subfield code="c">&#x623;&#x62D;&#x645;&#x62F; &#x62E;&#x64A;&#x631;&#x64A; &#x627;&#x644;&#x639;&#x645;&#x631;&#x64A;.</subfield>
  </datafield>
  <datafield tag="246" ind1="3" ind2="4">
    <subfield code="a">&#x637;&#x648;&#x641;&#x627;&#x646; &#x645;&#x62D;&#x645;&#x62F; &#x635;&#x644;&#x649; &#x627;&#x644;&#x644;&#x647; &#x639;&#x644;&#x64A;&#x647; &#x648;&#x633;&#x644;&#x645; :</subfield>
    <subfield code="b">&#x62F;&#x644;&#x64A;&#x644; &#x627;&#x644;&#x62D;&#x627;&#x62C; &#x625;&#x644;&#x649; &#x645;&#x646;&#x627;&#x633;&#x643; &#x627;&#x644;&#x639;&#x645;&#x631;&#x627;&#x646;</subfield>
  </datafield>
  <datafield tag="250" ind1=" " ind2=" ">
    <subfield code="a">&#x627;&#x644;&#x637;&#x628;&#x639;&#x629; &#x627;&#x644;&#x623;&#x648;&#x644;&#x649;.</subfield>
  </datafield>
  <datafield tag="264" ind1=" " ind2="1">
    <subfield code="a">&#x639;&#x645;&#x627;&#x646;&#x60C; &#x627;&#x644;&#x623;&#x631;&#x62F;&#x646; :</subfield>
    <subfield code="b">&#x645;&#x631;&#x643;&#x632; &#x627;&#x644;&#x62A;&#x641;&#x643;&#x64A;&#x631; &#x627;&#x644;&#x62D;&#x631;&#x60C;</subfield>
    <subfield code="c">2014.</subfield>
  </datafield>
  <datafield tag="300" ind1=" " ind2=" ">
    <subfield code="a">287 &#x635;&#x641;&#x62D;&#x629; &#x61B;</subfield>
    <subfield code="c">24 &#x633;&#x645;</subfield>
  </datafield>
  <datafield tag="336" ind1=" " ind2=" ">
    <subfield code="a">&#x646;&#x635;</subfield>
    <subfield code="b">txt</subfield>
    <subfield code="2">rdacontent</subfield>
    <subfield code="3">&#x643;&#x62A;&#x627;&#x628;</subfield>
  </datafield>
  <datafield tag="337" ind1=" " ind2=" ">
    <subfield code="a">&#x628;&#x62F;&#x648;&#x646; &#x648;&#x633;&#x64A;&#x637;</subfield>
    <subfield code="b">n</subfield>
    <subfield code="2">rdamedia</subfield>
  </datafield>
  <datafield tag="338" ind1=" " ind2=" ">
    <subfield code="a">&#x645;&#x62C;&#x644;&#x62F;</subfield>
    <subfield code="b">nc</subfield>
    <subfield code="2">rdacarrier</subfield>
  </datafield>
  <datafield tag="520" ind1=" " ind2=" ">
    <subfield code="a">&#x64A;&#x62A;&#x646;&#x627;&#x648;&#x644; &#x647;&#x630;&#x627; &#x627;&#x644;&#x643;&#x62A;&#x627;&#x628; &#x648;&#x64A;&#x62A;&#x62D;&#x62F;&#x62B; &#x639;&#x646; &#x627;&#x644;&#x62D;&#x62C;  &#x644;&#x627; &#x64A;&#x62A;&#x62D;&#x62F;&#x62B; &#x639;&#x646; &#x627;&#x644;&#x62D;&#x62C; &#x628;&#x637;&#x631;&#x64A;&#x642;&#x629; &#x627;&#x644;&#x62E;&#x637;&#x648;&#x627;&#x62A; &#x648;&#x634;&#x631;&#x62D; &#x627;&#x644;&#x645;&#x646;&#x627;&#x633;&#x643; &#x643;&#x627;&#x644;&#x643;&#x62A;&#x628; &#x627;&#x644;&#x62A;&#x649; &#x646;&#x642;&#x631;&#x623;&#x647;&#x627; &#x641;&#x649; &#x627;&#x644;&#x645;&#x639;&#x62A;&#x627;&#x62F; &#x648;&#x644;&#x643;&#x646;&#x647; &#x64A;&#x62A;&#x62D;&#x62F;&#x62B; &#x639;&#x646; &#x639;&#x627;&#x644;&#x645; &#x622;&#x62E;&#x631; &#x639;&#x646; &#x627;&#x644;&#x631;&#x643;&#x646; &#x627;&#x644;&#x62E;&#x627;&#x645;&#x633; &#x627;&#x644;&#x630;&#x64A; &#x637;&#x627;&#x644;&#x645;&#x627; &#x623;&#x633;&#x642;&#x637;&#x646;&#x627;&#x647; &#x645;&#x646; &#x623;&#x630;&#x647;&#x627;&#x646;&#x646;&#x627; &#x62D;&#x62A;&#x649; &#x646;&#x633;&#x62A;&#x637;&#x64A;&#x639; &#x625;&#x644;&#x64A;&#x647; &#x633;&#x628;&#x64A;&#x644;&#x627; &#x639;&#x646;&#x62F;&#x645;&#x627; &#x64A;&#x62A;&#x642;&#x62F;&#x645; &#x628;&#x646;&#x627; &#x627;&#x644;&#x639;&#x645;&#x631; &#x623;&#x648; &#x639;&#x646;&#x62F;&#x645;&#x627; &#x64A;&#x62A;&#x648;&#x627;&#x641;&#x631; &#x627;&#x644;&#x645;&#x627;&#x644; &#x627;&#x644;&#x644;&#x627;&#x632;&#x645;. &#x639;&#x646; &#x622;&#x644;&#x629; &#x627;&#x644;&#x632;&#x645;&#x646; &#x627;&#x644;&#x62A;&#x649; &#x62A;&#x62D;&#x648;&#x644;&#x62A; &#x625;&#x644;&#x649; &#x63A;&#x633;&#x627;&#x644;&#x629; &#x639;&#x646; &#x623;&#x634;&#x64A;&#x627;&#x621; &#x648;&#x645;&#x639;&#x627;&#x646;&#x649; &#x644;&#x645; &#x646;&#x644;&#x62A;&#x641;&#x62A; &#x644;&#x647;&#x627; &#x64A;&#x648;&#x645;&#x627; &#x648;&#x644;&#x645; &#x62A;&#x62E;&#x637;&#x631; &#x639;&#x644;&#x649; &#x628;&#x627;&#x644;&#x646;&#x627;. </subfield>
  </datafield>
  <datafield tag="600" ind1="0" ind2="7">
    <subfield code="a">&#x645;&#x62D;&#x645;&#x62F; (&#x635;&#x644;&#x649; &#x627;&#x644;&#x644;&#x647; &#x639;&#x644;&#x64A;&#x647; &#x648;&#x633;&#x644;&#x645;)&#x60C;</subfield>
    <subfield code="d">53 &#x642;&#x628;&#x644; &#x627;&#x644;&#x647;&#x62C;&#x631;&#x629;-11 &#x647;&#x62C;&#x631;&#x64A;</subfield>
    <subfield code="2">aucnm</subfield>
  </datafield>
  <datafield tag="650" ind1=" " ind2="7">
    <subfield code="a">&#x627;&#x644;&#x62D;&#x62C; (&#x641;&#x642;&#x647; &#x625;&#x633;&#x644;&#x627;&#x645;&#x64A;)</subfield>
    <subfield code="2">aucsh</subfield>
  </datafield>
  <datafield tag="942" ind1=" " ind2=" ">
    <subfield code="2">ddc</subfield>
    <subfield code="c">BOOK</subfield>
    <subfield code="n">0</subfield>
  </datafield>
  <datafield tag="949" ind1=" " ind2=" ">
    <subfield code="a">SA-JeALM</subfield>
    <subfield code="d">250218</subfield>
    <subfield code="u">osman123</subfield>
    <subfield code="n">1</subfield>
  </datafield>
  <datafield tag="952" ind1=" " ind2=" ">
    <subfield code="0">0</subfield>
    <subfield code="1">0</subfield>
    <subfield code="2">ddc</subfield>
    <subfield code="4">0</subfield>
    <subfield code="7">0</subfield>
    <subfield code="a">WAHAB</subfield>
    <subfield code="b">WAHAB</subfield>
    <subfield code="d">2025-02-20</subfield>
    <subfield code="l">0</subfield>
    <subfield code="o">252.5  &#x639; &#x645; &#x631;</subfield>
    <subfield code="p">00001021</subfield>
    <subfield code="r">2025-02-20 08:04:55</subfield>
    <subfield code="w">2025-02-20</subfield>
    <subfield code="y">BOOK</subfield>
  </datafield>
  <datafield tag="952" ind1=" " ind2=" ">
    <subfield code="0">0</subfield>
    <subfield code="1">0</subfield>
    <subfield code="2">ddc</subfield>
    <subfield code="4">0</subfield>
    <subfield code="7">0</subfield>
    <subfield code="a">WAHAB</subfield>
    <subfield code="b">WAHAB</subfield>
    <subfield code="d">2025-08-17</subfield>
    <subfield code="l">0</subfield>
    <subfield code="o">252.5 &#x639; &#x645; &#x631;</subfield>
    <subfield code="p">000017657</subfield>
    <subfield code="r">2025-08-17 05:00:36</subfield>
    <subfield code="w">2025-08-17</subfield>
    <subfield code="y">BOOK</subfield>
  </datafield>
  <datafield tag="999" ind1=" " ind2=" ">
    <subfield code="c">6110</subfield>
    <subfield code="d">6110</subfield>
  </datafield>
</record>
